Unemployment, the market for interviews, and wage determination.
Model nezamestnanosti, z pohľadu makroekonomického. Výskum trhu práce. Analýza mzdových sadzieb. Vplyv rozvoja ekonomiky na úroveň nezamestnanosti. Podmienky ekonomickej rovnováhy na trhu. vplyv trhu práce na úroveň mzdy. Mzda ako základný determinant ekonomického rozvoja.
Salvato in:
| Autore principale: | |
|---|---|
| Natura: | Capitolo di libro |
| Lingua: | inglese |
| Soggetti: | |
| Tags: |
Nessun Tag, puoi essere il primo ad aggiungerne!!
|
MARC
| LEADER | 00000naa a2200000 4500 | ||
|---|---|---|---|
| 001 | r009503 | ||
| 005 | 20220819194821.1 | ||
| 041 | 0 | |a eng | |
| 044 | |a GB | ||
| 245 | 1 | 0 | |a Unemployment, the market for interviews, and wage determination. |c M. Sattinger |
| 520 | |a Model nezamestnanosti, z pohľadu makroekonomického. Výskum trhu práce. Analýza mzdových sadzieb. Vplyv rozvoja ekonomiky na úroveň nezamestnanosti. Podmienky ekonomickej rovnováhy na trhu. vplyv trhu práce na úroveň mzdy. Mzda ako základný determinant ekonomického rozvoja. | ||
| 610 | 2 | 0 | |a trh práce |
| 610 | 2 | 0 | |a nezamestnanosť |
| 610 | 2 | 0 | |a modely makroekonomické |
| 610 | 2 | 0 | |a výskum trhu |
| 610 | 2 | 0 | |a mzdy |
| 610 | 2 | 0 | |a rozvoj hospodársky |
| 610 | 2 | 0 | |a rovnováha hospodárska |
| 100 | 1 | |a Sattinger, M. | |